Zamestnávanie Ukrajincov

zhľadom na to, že práve Ukrajinci sú najpočetnejšiu skupinou pracovných migrantov u nás a do veľkej miery zapĺňajú neuspokojený dopyt po pracovnej sile v tuzemských podmienkach, je dobré, aby zamestnávatelia presne vedeli, aký postup majú uplatniť, ak chcú občanov Ukrajiny legálne zamestnať.

Saved in:
Bibliographic Details
Main Author: Beňová, Zuzana
Format: Book Chapter
Language:Slovak
Subjects:
Tags: Add Tag
No Tags, Be the first to tag this record!

MARC

LEADER 00000naa a2200000 4500
001 0311541
005 20250710091235.5
041 0 |a slo 
044 |a SK 
245 1 0 |a Zamestnávanie Ukrajincov  |c Zuzana Beňová 
520 |a zhľadom na to, že práve Ukrajinci sú najpočetnejšiu skupinou pracovných migrantov u nás a do veľkej miery zapĺňajú neuspokojený dopyt po pracovnej sile v tuzemských podmienkach, je dobré, aby zamestnávatelia presne vedeli, aký postup majú uplatniť, ak chcú občanov Ukrajiny legálne zamestnať. 
610 2 0 |a zamestnanci 
610 2 0 |a Ukrajina 
610 2 0 |a zamestnanosť 
610 2 0 |a zamestnávanie cudzincov 
610 2 0 |a migrácia 
100 1 |a Beňová, Zuzana